000 00769cam a22002531 4500
001 16218
003 BD-RjUL
005 20211208235958.0
008 140211s1964 nyua b 000 0 eng
035 _a(BD-RjUL)16273
040 _aDLC
_cDLC
_dDLC
_dBD-RjUL
_beng
041 _aeng
082 0 0 _a658
_bSAM 1964
100 1 _aSayles, Leonard R.
_948778
245 1 0 _aManagerial behavior :
_badministration in complex organizations /
_cLeonard R. Sayles.
260 _aNew York :
_bMcGraw-Hill,
_c1964.
300 _axi, 269 p. :
_bill.;
_c21 cm.
504 _aIncludes bibliographical references and indexes.
650 0 _aIndustrial management.
_950168
650 0 _aComplex organizations.
_95202
942 _2ddc
_cBK
999 _c16218
_d16218